| 000 | 00444cam a2200169 4500 | ||
|---|---|---|---|
| 040 | _cDLC | ||
| 082 | 0 | 0 | _a574 MAC 1968 A032 Or. |
| 100 | 1 | _aBoughey, Arthur S. | |
| 245 | 1 | 0 | _aEcology of populations |
| 260 |
_aNew York, _bMacmillan _c[1968] |
||
| 300 |
_aviii, 135 p. _billus., maps. _c24 cm. |
||
| 490 | 0 | _aCurrent concepts in biology | |
| 650 | 0 | _aEcology. | |
| 650 | 0 | _aBiotic communities. | |
| 650 | 0 | _aPopulation biology. | |
| 942 | _cEK | ||
| 999 |
_c12116 _d12116 |
||